| 000 | 00702nam 22002173 4500 | ||
|---|---|---|---|
| 001 | 198812 | ||
| 090 | _a198812 | ||
| 100 | _a20251104d u||y0pory50 ba | ||
| 101 | _apor | ||
| 102 | _aPT | ||
| 200 |
_aA Locomotiva Tchaaf _fCarlos Correia _gIlustração de Francisco Relógio |
||
| 210 |
_aLisboa _cSá da Costa Editora _d1981 (imp.) |
||
| 215 |
_a30, [2] p. : il. _cBrochado _d17 x 18 cm |
||
| 225 |
_aRoda Livre _eSá da Costa Juvenil |
||
| 606 |
_922 _aLiteratura Infantil Portuguesa |
||
| 675 |
_a821.134.3-93/COR/LOC _vPT _zpor |
||
| 700 |
_92208 _aCorreia _bCarlos _f1947- |
||
| 702 |
_93092 _aRelógio _bFrancisco |
||
| 801 |
_aPT _bBMMN _gRPC |
||
| 830 |
_cCarlos Pinto _d04-11-2025 _fCarlos Pinto |
||
| 990 | _cLIVROS | ||